| 000 | 00629nam a2200193 i 4500 | ||
|---|---|---|---|
| 001 | 100158 | ||
| 003 | ES-MaACL | ||
| 005 | 20230906182622.0 | ||
| 007 | t| | ||
| 008 | 050922s1959 sp ||||1| spa d | ||
| 080 | _a811.124(075.4) | ||
| 100 | 1 |
_aMartínez Ugartemendía, Antonio. _978453 |
|
| 245 | 1 | 0 |
_aLudus latinus : _bmétodo de latín para bachillerato elemental / _cAntonio Martínez Ugartemendía. |
| 260 |
_aPamplona : _bAramburu, _c1959. |
||
| 300 |
_a207 p. : _bil. ; _c21 cm. |
||
| 650 | 4 |
_aLengua latina- _vMétodos. _9162340 |
|
| 650 | 4 |
_aLengua latina- _vLibros escolares. _9160305 |
|
| 852 |
_aES-MaACL _jC-17246 |
||
| 999 |
_c100158 _d100158 |
||